000 01870nam a2200361Ia 4500
001 ebr10132065
003 CaPaEBR
006 m u
007 cr cn|||||||||
008 060518s2006 dcu sb 000 0 eng d
010 _z 2006016731
020 _z0309101263 (pbk.)
020 _z0309657903 (pdfs)
040 _aCaPaEBR
_cCaPaEBR
035 _a(OCoLC)560535236
050 1 4 _aUC713
_b.M55 2006eb
082 0 4 _a613.2/850243555
_222
245 0 0 _aMineral requirements for military personnel
_h[electronic resource] :
_blevels needed for cognitive and physical performance during garrison training /
_cCommittee on Mineral Requirements for Cognitive and Physical Performance of Military Personnel, Committee on Military Nutrition Research, Food and Nutrition Board.
260 _aWashington, DC :
_bNational Academies Press,
_cc2006.
300 _axv, 496 p.
504 _aIncludes bibliographical references.
533 _aElectronic reproduction.
_bPalo Alto, Calif. :
_cebrary,
_d2009.
_nAvailable via World Wide Web.
_nAccess may be limited to ebrary affiliated libraries.
650 0 _aOperational rations (Military supplies)
_zUnited States.
650 0 _aSoldiers
_xNutrition
_xRequirements
_zUnited States.
650 0 _aMinerals in human nutrition
_zUnited States.
650 0 _aStress (Physiology)
_xNutritional aspects.
655 7 _aElectronic books.
_2local
710 2 _aNational Academy of Sciences (U.S.).
_bCommittee on Mineral Requirements for Cognitive and Physical Performance of Military Personnel.
710 2 _aInstitute of Medicine (U.S.).
_bCommittee on Military Nutrition Research.
710 2 _aNational Academy of Sciences (U.S.).
_bFood and Nutrition Board.
710 2 _aebrary, Inc.
856 4 0 _uhttp://site.ebrary.com/lib/rucke/Doc?id=10132065
_zAn electronic book accessible through the World Wide Web; click to view
999 _c80555
_d80555